Zeitschrift des Historischen Vereins für Niedersachsen

Bibliographische Detailangaben
Späterer Titel:Niedersächsisches Jahrbuch
Vorheriger Titel:Historischer Verein für Niedersachsen Archiv des Historischen Vereins für Niedersachsen
Historischer Verein für Niedersachsen Nachricht über den Historischen Verein für Niedersachsen
Historischer Verein für Niedersachsen Geschäfts-Bericht des Vorstandes des Historischen Vereins für Niedersachsen
Weitere Verfasser: Historischer Verein für Niedersachsen (VerfasserIn)
Format: Zeitschrift
Sprache:German
Veröffentlicht: Hildesheim : Lax, 1854-1923
Hannover : Hahn, anfangs
Hannover : Geibel, früher
Hannover : Gersbach, früher
Bayerische Staatsbibliothek
Zugriff auf das übergeordnete Werk:Zeitschrift des Historischen Vereins für Niedersachsen
Schlagworte:Staat Braunschweig Niedersachsen Deutschland
LEADER 01000cas a2200265 c 4500
001 129090549
003 DE-627
005 20260207115229.0
007 tu
008 931114d18541923xx z| p|a 0 |0ger c
016 7 |a 010085386  |2 DE-101 
016 7 |a 6347-2  |2 DE-600 
022 |a 0179-0633 
035 |a (DE-627)129090549 
035 |a (DE-603)046858407 
035 |a (DE-576)014425696 
035 |a (DE-599)ZDB6347-2 
035 |a (OCoLC)1367320029 
040 |a DE-627  |b ger  |c DE-627  |e rakwb 
041 |a ger 
044 |c XA-DXDE  |c XA-DE 
082 0 4 |a 914.3  |a 943  |q DE-600 
084 |a NDS 020  |2 sfb 
084 |a 6,14  |2 ssgn 
084 |a NA 1000  |2 rvk  |0 (DE-625)rvk/124053: 
084 |a 15.51  |2 bkl 
110 2 |a Historischer Verein für Niedersachsen  |e verfasserin  |0 (DE-588)2012188-X  |0 (DE-627)101752342  |0 (DE-576)191667412  |4 aut 
222 0 |a Zeitschrift des Historischen Vereins für Niedersachsen 
245 1 0 |a Zeitschrift des Historischen Vereins für Niedersachsen  |c hrsg. unter Leitung d. Vereins-Ausschusses 
246 1 |i Zitiertitel  |a ZHVNiedersachsen 
264 3 1 |a Hildesheim  |b Lax  |c 1854-1923 
264 2 1 |a Hannover  |b Hahn  |c anfangs 
264 2 1 |a Hannover  |b Geibel  |c früher 
264 2 1 |a Hannover  |b Gersbach  |c früher 
336 |a Text  |b txt  |2 rdacontent 
337 |a ohne Hilfsmittel zu benutzen  |b n  |2 rdamedia 
337 |a Mikroform  |b h  |2 rdamedia 
338 |a Band  |b nc  |2 rdacarrier 
338 |a Mikrofilmrolle  |b hj  |2 rdacarrier 
362 0 |a [16.]1850(1854) - [75.]1910; 76.1911 - 88.1923 
363 0 0 |a 16  |i 1850 
363 1 0 |i 1910  |a 75 
530 |a Mikrofilm-Ausg.: München : Bayerische Staatsbibliothek, 2001 
533 |a Reproduktion  |n Mikrofilm-Ausg.: München : Bayerische Staatsbibliothek, 2001 
533 |a Mikrofilm-Ausg.  |b München  |c Bayerische Staatsbibliothek  |7 d20012001|||||| 
555 |a Alph. Index 1845/56 in: 1856; 1857/71 in: 1871 
561 |5 DE-125  |a Gestempelte Besitzvermerke: Alterthumsverein für Zwickau und Umgegend; Alterthums-Verein Zwickau i. S. 
583 1 |3 1864(1865)-1865(1866);1867(1868)-1870(1871);1872(1873)-1881;1883-1885;1887-1899;1901-1910  |a Massenentsäuert  |2 pdager  |5 DE-16 
655 7 |a Zeitschrift  |0 (DE-588)4067488-5  |0 (DE-627)10454466X  |0 (DE-576)20917000X  |2 gnd-content 
689 0 0 |D g  |0 (DE-588)4205304-3  |0 (DE-627)105136662  |0 (DE-576)21016784X  |a Staat Braunschweig  |2 gnd 
689 0 1 |D g  |0 (DE-588)4042226-4  |0 (DE-627)106215507  |0 (DE-576)209049227  |a Niedersachsen  |2 gnd 
689 0 2 |D g  |0 (DE-588)4011882-4  |0 (DE-627)104704861  |0 (DE-576)208896155  |a Deutschland  |2 gnd 
689 0 |5 (DE-627) 
770 0 8 |i Supplement  |t Nachrichtenblatt für Niedersachsens Vorgeschichte  |d Hildesheim : Lax, 1920  |w (DE-627)129091022  |w (DE-600)6423-3  |w (DE-576)014426196  |x 2570-365X 
770 0 8 |i Supplement  |a Verein für Geschichte und Altertümer der Herzogtümer Bremen und Verden und des Landes Hadeln  |t Geschäfts-Bericht des Vereins für Geschichte und Alterthümer der Herzogthümer Bremen und Verden und des Landes Hadeln zu Stade  |d Stade, 1893  |w (DE-627)223502421  |w (DE-600)1358835-7  |w (DE-576)057137242 
776 0 8 |i Elektronische Reproduktion  |a Historischer Verein für Niedersachsen  |t Zeitschrift des Historischen Vereins für Niedersachsen  |d Hannover : Hahn, 1854  |h Online-Ressource  |w (DE-627)689716230  |w (DE-600)2657418-4  |w (DE-576)348473206 
780 0 0 |i Vorg.  |a Historischer Verein für Niedersachsen  |t Archiv des Historischen Vereins für Niedersachsen  |d Hannover : Hahn, 1845  |w (DE-627)130099783  |w (DE-600)501780-4  |w (DE-576)015632393  |x 0179-0641 
780 0 0 |i 1869 - 1891 Beil., dann darin aufgeg.  |a Historischer Verein für Niedersachsen  |t Nachricht über den Historischen Verein für Niedersachsen  |d Hannover, 1836  |w (DE-627)129090816  |w (DE-600)6384-8  |w (DE-576)014425971 
780 0 0 |i 1892 - 1909 Beil., dann darin aufgeg.  |a Historischer Verein für Niedersachsen  |t Geschäfts-Bericht des Vorstandes des Historischen Vereins für Niedersachsen  |d Hannover, 1892  |w (DE-627)22484153X  |w (DE-600)1360244-5  |w (DE-576)057507937 
785 0 0 |i Forts.  |t Niedersächsisches Jahrbuch  |d Hildesheim : Lax, 1924  |w (DE-627)130099791  |w (DE-600)501781-6  |w (DE-576)015632407  |x 0179-0625 
787 0 8 |i Index  |a Historischer Verein für Niedersachsen  |t Systematisches Repertorium der im "Vaterländischen Archiv", in der "Zeitschrift des Historischen Vereins für Niedersachsen" und im "Hannoverschen Magazin" enthaltenen Abhandlungen  |d Hannover, 1880  |w (DE-627)266883389  |w (DE-600)1468188-2  |w (DE-576)091175402 
912 |a GBV_ILN_11 
912 |a ISIL_DE-1a 
912 |a SYSFLAG_1 
912 |a GBV_KXP 
912 |a SSG-OPC-ANG 
912 |a SSG-OPC-NBNIE 
912 |a GBV_ILN_20 
912 |a ISIL_DE-84 
912 |a GBV_ILN_21 
912 |a ISIL_DE-46 
912 |a GBV_ILN_22 
912 |a ISIL_DE-18 
912 |a GBV_ILN_22_i30908 
912 |a GBV_ILN_22_i30402 
912 |a GBV_ILN_24 
912 |a ISIL_DE-8 
912 |a GBV_ILN_24_f100 
912 |a GBV_ILN_30 
912 |a ISIL_DE-104 
912 |a GBV_ILN_31 
912 |a ISIL_DE-27 
912 |a GBV_ILN_33 
912 |a GBV_ILN_39 
912 |a ISIL_DE-547 
912 |a GBV_ILN_40 
912 |a ISIL_DE-7 
912 |a GBV_ILN_40_i053 
912 |a GBV_ILN_40_i222 
912 |a GBV_ILN_40_i139 
912 |a GBV_ILN_40_i042 
912 |a GBV_ILN_50 
912 |a ISIL_DE-23 
912 |a GBV_ILN_60 
912 |a ISIL_DE-705 
912 |a GBV_ILN_61 
912 |a ISIL_DE-32 
912 |a GBV_ILN_62 
912 |a ISIL_DE-28 
912 |a GBV_ILN_65 
912 |a ISIL_DE-3 
912 |a GBV_ILN_69 
912 |a ISIL_DE-9 
912 |a GBV_ILN_70 
912 |a ISIL_DE-89 
912 |a GBV_ILN_72 
912 |a ISIL_DE-35 
912 |a GBV_ILN_78 
912 |a ISIL_DE-115 
912 |a GBV_ILN_90 
912 |a ISIL_DE-Hil2 
912 |a GBV_ILN_92 
912 |a ISIL_DE-33 
912 |a GBV_ILN_104 
912 |a ISIL_DE-68 
912 |a GBV_ILN_113 
912 |a ISIL_DE-H46 
912 |a GBV_ILN_121 
912 |a ISIL_DE-45 
912 |a GBV_ILN_130 
912 |a ISIL_DE-700 
912 |a GBV_ILN_131 
912 |a ISIL_DE-Va1 
912 |a GBV_ILN_135 
912 |a ISIL_DE-Ha91 
912 |a GBV_ILN_162 
912 |a ISIL_DE-Bv3 
912 |a GBV_ILN_176 
912 |a GBV_ILN_176_2 
912 |a GBV_ILN_176_1 
912 |a GBV_ILN_179 
912 |a ISIL_DE-B4 
912 |a GBV_ILN_181 
912 |a GBV_ILN_181_b015 
912 |a GBV_ILN_203 
912 |a GBV_ILN_203_m21001 
912 |a GBV_ILN_203_m07706 
912 |a GBV_ILN_203_m10305 
912 |a GBV_ILN_217 
912 |a ISIL_DE-Hv111 
912 |a GBV_ILN_227 
912 |a ISIL_DE-56 
912 |a GBV_ILN_235 
912 |a ISIL_DE-616 
912 |a GBV_ILN_235_S35 
912 |a GBV_ILN_244 
912 |a ISIL_DE-B41 
912 |a GBV_ILN_289 
912 |a GBV_ILN_340 
912 |a ISIL_DE-Shw16 
912 |a GBV_ILN_350 
912 |a ISIL_DE-2795 
912 |a GBV_ILN_350_ 
912 |a GBV_ILN_352 
912 |a GBV_ILN_365 
912 |a ISIL_DE-Bre1 
912 |a GBV_ILN_613 
912 |a GBV_ILN_632 
912 |a ISIL_DE-476 
912 |a GBV_ILN_640 
912 |a ISIL_DE-205 
912 |a GBV_ILN_642 
912 |a GBV_ILN_651 
912 |a GBV_ILN_662 
912 |a ISIL_DE-Sta5 
912 |a GBV_ILN_665 
912 |a ISIL_DE-Hv4 
912 |a GBV_ILN_674 
912 |a GBV_ILN_675 
912 |a GBV_ILN_688 
912 |a ISIL_DE-Ma33 
912 |a GBV_ILN_692 
912 |a ISIL_DE-We21 
912 |a GBV_ILN_721 
912 |a ISIL_DE-Bo1 
912 |a GBV_ILN_791 
912 |a ISIL_DE-Hil6 
912 |a GBV_ILN_812 
912 |a GBV_ILN_813 
912 |a ISIL_DE-Mue73 
912 |a GBV_ILN_1003 
912 |a GBV_ILN_1005 
912 |a ISIL_DE-4287 
912 |a GBV_ILN_1018 
912 |a ISIL_DE-Bv4 
912 |a GBV_ILN_1020 
912 |a GBV_ILN_1121 
912 |a ISIL_DE-Ma25 
912 |a GBV_ILN_2001 
912 |a ISIL_DE-21 
912 |a GBV_ILN_2003 
912 |a ISIL_DE-25 
912 |a GBV_ILN_2006 
912 |a ISIL_DE-14 
912 |a GBV_ILN_2007 
912 |a ISIL_DE-352 
912 |a GBV_ILN_2008 
912 |a ISIL_DE-24 
912 |a GBV_ILN_2010 
912 |a ISIL_DE-15 
912 |a GBV_ILN_2011 
912 |a ISIL_DE-16 
912 |a GBV_ILN_2020 
912 |a ISIL_DE-Ch1 
912 |a GBV_ILN_2030 
912 |a ISIL_DE-77 
912 |a GBV_ILN_2032 
912 |a ISIL_DE-122 
912 |a GBV_ILN_2046 
912 |a ISIL_DE-N1 
912 |a GBV_ILN_2073 
912 |a ISIL_DE-59 
912 |a GBV_ILN_2158 
912 |a ISIL_DE-D115 
912 |a GBV_ILN_2228 
912 |a ISIL_DE-475 
912 |a GBV_ILN_2299 
912 |a ISIL_DE-Gl2 
912 |a GBV_ILN_2407 
912 |a ISIL_DE-165 
912 |a GBV_ILN_2527 
912 |a ISIL_DE-125 
912 |a GBV_ILN_2535 
912 |a ISIL_DE-2620 
912 |a GBV_ILN_4012 
912 |a ISIL_DE-12 
912 |a GBV_ILN_4027 
912 |a ISIL_DE-61 
912 |a GBV_ILN_4028 
912 |a ISIL_DE-5 
912 |a GBV_ILN_4029 
912 |a ISIL_DE-38 
912 |a GBV_ILN_4035 
912 |a ISIL_DE-4 
912 |a GBV_ILN_4037 
912 |a ISIL_DE-26 
912 |a GBV_ILN_4038 
912 |a ISIL_DE-77 
912 |a GBV_ILN_4103 
912 |a ISIL_DE-188 
912 |a GBV_ILN_4112 
912 |a ISIL_DE-29 
912 |a GBV_ILN_4155 
912 |a ISIL_DE-6 
912 |a GBV_ILN_4193 
912 |a ISIL_DE-11 
912 |a GBV_ILN_4246 
912 |a ISIL_DE-66 
912 |a GBV_ILN_4251 
912 |a ISIL_DE-43 
912 |a GBV_ILN_4253 
912 |a ISIL_DE-36 
912 |a GBV_ILN_4261 
912 |a ISIL_DE-Mb50 
912 |a GBV_ILN_4277 
912 |a ISIL_DE-109 
912 |a GBV_ILN_4302 
912 |a ISIL_DE-107 
912 |a GBV_ILN_4305 
912 |a ISIL_DE-19 
912 |a GBV_ILN_4306 
912 |a ISIL_DE-20 
912 |a GBV_ILN_4309 
912 |a ISIL_DE-294 
912 |a GBV_ILN_4316 
912 |a ISIL_DE-467 
912 |a GBV_ILN_4321 
912 |a ISIL_DE-51 
912 |a GBV_ILN_4323 
912 |a ISIL_DE-703 
912 |a GBV_ILN_4325 
912 |a ISIL_DE-824 
912 |a GBV_ILN_4385 
912 |a ISIL_DE-F42 
935 |a SAXB 
936 r v |a NA 1000  |b Zeitschriften und Jahrbücher  |k Geschichte  |k Zeitschriften und Jahrbücher  |0 (DE-627)1275270174  |0 (DE-625)rvk/124053:  |0 (DE-576)205270174 
936 b k |a 15.51  |j Niedersachsen  |j Bremen  |x Geschichte  |0 (DE-627)181571579 
936 s n |a n100  |2 mzub 
951 |a JT 
980 |2 11  |1 01  |x 0001  |b 242256600  |c 00  |f 1  |d Sl 160  |e d  |j --%%--  |g Bestand: 1850(1854) - 1910; 76.1911 - 88.1923  |h ark_2012-03-14  |y bb  |z 27-11-99 
980 |2 11  |1 02  |x 0001  |b 417087640  |c 00  |f 1  |d Sl 160<a>  |e d  |j --%%--  |g Bestand: 1850(1854) - 1855(1857); 1857(1859) - 1879; 1881; 1883 - 1884; 1886 - 1910; 76.1911- 87.1922. - 1867(1868) nicht benutzbar  |y ba  |z 27-11-99 
980 |2 11  |1 03  |x 1/1  |b 517076519  |c 00  |f 1:HA7  |d HA 7 Fm 4155  |e s  |j --%%--  |c 08  |f --%%--  |d Sl 160;Ind.<a>  |e --%%--  |j --%%--  |g Bestand: Systemat. Index zu 1819/1910(1911)  |y ba  |z 21-08-01 
980 |2 20  |1 01  |x 0084  |b 133658201  |c 00  |f --%%--  |d UB  |e u  |j --%%--  |g Bestand: 1850 - 1892; 1894 - 1910; 76.1911; 79.1914; 85.1920; 87.1922  |y b  |z 08-10-94 
980 |2 21  |1 01  |x 0046  |b 125805861  |c 00  |f Magazinturm-E02  |d z bre 890.2 nied/45  |e d  |j --%%--  |g Bestand: 1858 - 1881; 1892 - 1907; 1909 - 1910; 76.1911 - 88.1923  |y bza  |z 03-06-96 
980 |2 21  |1 02  |x 0046  |b 1529967945  |c 00  |f Magazin Zs  |d fe 1627  |e d  |j --%%--  |g Bestand: 1871; 1896 - 1897; 1899 - 1900; 1902 - 1910; 76.1911 - 81.1916; 83.1918 - 84.1919; 87.1922 - 88.1923  |y bza  |z 10-03-15 
980 |2 22  |1 01  |x 0018  |b 003665577  |c 00  |f SUB  |d Einzelsignatur  |e s  |j --%%--  |c 03  |f --%%--  |d X/526  |e --%%--  |j --%%--  |g Bestand: [16.]1850(1854) - [75.]1910; 76.1911 - 88.1923  |h SUBr02015  |y bu  |z 28-01-97 
980 |2 22  |1 02  |x 0018  |b 004077024  |c 00  |f SUB  |d Einzelsignatur  |e s  |j --%%--  |c 03  |f --%%--  |d X/526: Ind  |e --%%--  |j --%%--  |g Bestand: Index 1819/1910(1911)  |h SUBr02015  |y bu  |z 28-01-97 
980 |2 22  |1 03  |x 0018  |b 004225929  |c 00  |f 18/309-GE  |d per 200 zhvn  |e i  |j --%%--  |c 04  |f 18/309-h  |d per 200 zhvn  |e i  |j --%%--  |g Bestand: [16.]1850(1854) - [75.]1910; 76.1911 - 87.1922  |y bi30908  |z 03-06-96 
980 |2 22  |1 05  |x 0018  |b 004487931  |c 00  |f 18/304  |d DNR Zd 130  |e i  |j --%%--  |g Bestand: [16.]1850(1854) - [43.]1878; [45.]1880; [58.]1893 - [62.]1897; [64.]1899 - [65.]1900; [67.]1902 - [75.1910]; 76.1911 - 81.1916(1917); 83.1918 - 88.1923  |y bi30402  |z 03-06-96 
980 |2 24  |1 01  |x 0008  |b 193664968  |c 00  |f 16  |d X 4517  |e u  |j --%%--  |g Bestand: 1856(1859); 1860(1861) - 1923  |h hb  |k *1  |y bz1  |z 01-01-96 
980 |2 24  |1 02  |x 0008  |b 193664976  |c 00  |f 16  |d X 4517  |e u  |j --%%--  |g Bestand: Index 1819/1910(1911)  |k *1  |y bz1  |z 01-01-96 
980 |2 24  |1 03  |x 0008  |b 1534659870  |c 00  |f 8/100  |d F III 16  |e i  |j --%%--  |g Bestand: [16.]1850(1854) - [75.]1910; 76.1911 - 88.1923  |y bf100  |z 10-04-15 
980 |2 30  |1 01  |x 0104  |b 18232494X  |c 00  |f 104/40  |d CL 40  |e g  |j --%%--  |g Bestand: 1850 - 1923  |k Genauen Bestand bitte beim Landesbergamt erfragen  |y bi040  |z 25-08-03 
980 |2 31  |1 01  |x 0027  |b 406543259  |c 00  |f Mag  |d 8 Hannov.21  |e s  |j --%%--  |g Bestand: [16.]1850(1854) - [75.]1910; 76.1911 - 87.1922  |y b  |z 18-10-00 
980 |2 33  |1 01  |x 3550  |b 911982361  |y b  |z 27-11-08 
980 |2 39  |1 01  |x 547/039  |b 1213351820  |c 00  |f FBG MAG  |d Hist 8° 01995/01  |e s  |j --%%--  |c 05  |f --%%--  |d Teilbestand aus der Forschungsbibliothek Gotha  |e --%%--  |j --%%--  |g Bestand: [62.]1867 - [75.]1910; 76.1911 - 87.1922  |y bg  |z 22-12-10 
980 |2 40  |1 01  |x 0007  |b 13065194X  |c 00  |f HG-MAG  |d 8 H HANN I, 1437  |e s  |j --%%--  |g Bestand: 1850(1854) - 1910; 76.1911 - 87.1922  |y bsp  |z 10-08-94 
980 |2 40  |1 02  |x 0007  |b 130651958  |c 00  |f HG-MAG  |d 8 H HANN I, 1437  |e s  |j --%%--  |g Bestand: Systematisches Inhaltsverzeichnis 1819/1910(1911)  |y bsp  |z 10-08-94 
980 |2 40  |1 05  |x 0007  |b 1288438613  |c 00  |f 7/221:MAG  |d L-Z 120  |e i  |j --%%--  |g Bestand: 1850(1854) - 1892; 1895 - 1909  |k Bestand ab 1910 in der Bibliothek  |y bi053  |z 17-01-12 
980 |2 40  |1 06  |x 0007  |b 134976266  |c 00  |f 7/222  |d X B 4 b, 500  |e i  |j --%%--  |c 03  |f --%%--  |d I, 100  |e --%%--  |j --%%--  |g Bestand: 1850(1854) - 1910; 76.1911 - 88.1923  |y bi222  |z 22-03-95 
980 |2 40  |1 07  |x 0007  |b 134976312  |c 00  |f 7/222  |d X B 4 b, 500  |e i  |j --%%--  |c 03  |f --%%--  |d I, 100  |e --%%--  |j --%%--  |g Bestand: Systematisches Inhaltsverzeichnis 1819/1910(1911)  |y bi222  |z 22-03-95 
980 |2 40  |1 08  |x 0007  |b 134976290  |c 00  |f BBK-KAEE  |d Z 2440  |e i  |j --%%--  |g Bestand: 1895/96; 1900; 1904; 1907; 82.1917,3-4  |y bi139  |z 22-03-95 
980 |2 40  |1 11  |x 0007  |b 134976282  |c 00  |f BBK-IHLF  |d L-Z 120  |e i  |j --%%--  |g Bestand: 1910; 76.1911 - 88.1923  |k Bestand bis 1909 bitte im Institut für Historische Landesforschung erfragen  |y bi053  |z 22-03-95 
980 |2 40  |1 12  |x 0007  |b 134976339  |c 00  |f BBK-IHLF  |d L-Z 120  |e i  |j --%%--  |g Bestand: Systematisches Inhaltsverzeichnis 1819/1910(1911)  |k Register umfasst auch Vorgängertitel  |y bi053  |z 22-03-95 
980 |2 40  |1 15  |x 7/149  |b 134976304  |c 00  |f 7/042  |d PBd 10  |e i  |j --%%--  |g Bestand: 1852(1855)-1853(1856); 1855(1857) - 88.1923  |k Dauerleihgabe der Gesellschaft für Nds. Kirchengeschichte  |y bi042  |z 22-03-95 
980 |2 40  |1 16  |x 7/149  |b 134976347  |c 00  |f 7/042  |d PBd 10 (I)  |e i  |j --%%--  |g Bestand: Systematisches Inhaltsverzeichnis 1819/1910(1911)  |k Dauerleihgabe der Gesellschaft für Nds. Kirchengeschichte  |y bi042  |z 22-03-95 
980 |2 50  |1 01  |x 0023  |b 364415991  |c 00  |f --%%--  |d M: Gn 356  |e d  |j --%%--  |c 05  |f --%%--  |d MZ 601  |e --%%--  |j --%%--  |g Bestand: 1850(1854) - 1910; 76.1911 - 88.1923  |y b  |z 11-11-99 
980 |2 60  |1 01  |x 0705  |b 611965240  |c 00  |f SM  |d HIS 001:Z08919  |e g  |j --%%--  |g Bestand: 87.1922; 88.1923  |y b  |z 15-08-03 
980 |2 61  |1 01  |x 0032  |b 170861619  |c 00  |f MAG  |d 17, 5 : fin A [951-962]  |e d  |j --%%--  |g Bestand: 1888; 76.1911 - 86.1921  |y b  |z 03-06-96 
980 |2 61  |1 02  |x 0032  |b 170861627  |c 00  |f MAG  |d ZA 373  |e d  |j --%%--  |g Bestand: 1867(1868); 79.1914  |y b  |z 03-06-96 
980 |2 62  |1 01  |x 0028  |b 318286467  |c 00  |f 28-MAG  |d Rf-9207  |e f  |j --%%--  |g Bestand: 1850 - 1910; 76.1911 - 88.1923  |y bup  |z 09-01-99 
980 |2 62  |1 02  |x 0028  |b 592660389  |c 00  |f 28-MAG  |d LB II Pv 4.b  |e d  |j --%%--  |g Bestand: 82.1917 - 86/87.1921/22  |y bup  |z 24-02-03 
980 |2 65  |1 01  |x 0003  |b 220537127  |c 00  |f M3  |d Ng 456 e, 8°  |e f  |j --%%--  |g Bestand: [16.]1850(1854) - [75.]1910; 76.1911 - 88.1923  |y b3z  |z 28-09-96 
980 |2 69  |1 01  |x 0009  |b 215739647  |c 00  |f UB 724  |d 724/Ob 1101  |e f  |j --%%--  |g Bestand: [17.]1851/52(1854/55) - [75.]1910; 76.1911 - 87.1922  |y b  |z 18-08-09 
980 |2 69  |1 02  |x 0009  |b 215739655  |c 00  |f UB 724  |d 724/Ob 1101  |e f  |j --%%--  |g Bestand: Index zu 1819/1910(1911)  |y b  |z 18-08-09 
980 |2 70  |1 01  |x 0089  |b 139795782  |c 00  |f Haus2  |d ZS 6025  |e f  |j --%%--  |g Bestand: 1850 - 1910; 76.1911 - 88.1923  |y b  |z 18-09-94 
980 |2 72  |1 01  |x 0035  |b 138240256  |c 00  |f ZEN  |d Zs 5552  |e f  |j --%%--  |g Bestand: [16.]1850(1854) - [22].1856(1859); [24.]1858(1860) - [75.]1910; 76.1911 - 88.1923  |k Systematisches Inhaltsverzeichnis vh. unter Einzelsignatur *C 5401*  |y bz  |z 02-10-94 
980 |2 72  |1 02  |x 0035  |b 169670872  |c 00  |f ZEN  |d C 263  |e u  |j --%%--  |g Bestand: 16.1850(1854) - 88.1923  |k Systematisches Inhaltsverzeichnis vh. unter Einzelsignatur *C 5401*  |y bzp  |z 05-01-96 
980 |2 72  |1 03  |x 0035  |b 137977565  |c 00  |f ZENLSP  |d NZ 30000 3  |e i  |j --%%--  |c 09  |f ZEN  |d C 262  |e i  |j --%%--  |g Bestand: [16.]1850(1854) - [75.]1910; 76.1911 - 88.1923  |h GBV  |k Systematisches Inhaltsverzeichnis vh. unter Einzelsignatur *C 5401*; 1862(1863)-1863(1864) als Reprint vh.; 1868(1869) - 1869(1870) und 1887 in Kopie vh.  |y bz  |z 02-10-94 
980 |2 78  |1 01  |x 0115  |b 408809302  |c 00  |f --%%--  |d Nds 020/2 Zs  |e s  |j --%%--  |g Bestand: 16.1850 - 88.1923  |y b  |z 27-11-99 
980 |2 90  |1 01  |x 3090  |b 227297733  |c 00  |f ZSS-MAGAZIN  |d Z GES : A61  |e s  |j --%%--  |g Bestand: [16.]1850 - [63.]1898; [67.]1902 - [71.]1906; 79.1914 - 82.1917  |y b  |z 27-07-09 
980 |2 92  |1 01  |x 0033  |b 295260823  |c 00  |f --%%--  |d Ih VIII k 25  |e s  |j --%%--  |g Bestand: 1850 - 1910; 76.1911 - 88.1923  |y zc  |z 08-09-98 
980 |2 104  |1 01  |x 0068  |b 4091596525  |c 00  |f MAG  |d D 261  |e --%%--  |j --%%--  |g Bestand: 45.1880-88.1923  |y b  |z 16-03-22 
980 |2 113  |1 01  |x 3113  |b 506282864  |c 00  |f --%%--  |d Z 145/0001  |e i  |j --%%--  |g Bestand: 1850(1854) - 1923  |k 1. Ex.  |y b  |z 02-08-01 
980 |2 121  |1 01  |x 0045  |b 134755472  |c 00  |f --%%--  |d GE III 2 G M 22  |e s  |j --%%--  |g Bestand: 16.1850(1854) - 70.1905,3-4; 71.1906 - 75.1910; 76.1911 - 88.1923  |h alma  |y b  |z 03-10-94 
980 |2 121  |1 02  |x 0045  |b 911834915  |c 00  |f --%%--  |d LS: Reg 050/10 GE III 2 G M 22  |e s  |j --%%--  |g Bestand: Systematisches Inhaltsverzeichnis zu 1819/1910(1911)  |y b  |z 27-11-08 
980 |2 130  |1 01  |x 0700  |b 825123372  |c 00  |f B-Magazin  |d Z 1842  |e i  |j --%%--  |g Bestand: [16.]1850(1854) - 1852(1855); 1872(1873) - 1877(1878); 1879; 1881 - 1886; 1890; 1892 - 1894; 1898  |k Standort Rara-Magazin  |y bb  |z 18-07-07 
980 |2 130  |1 02  |x 0700  |b 832558249  |c 00  |f B his  |d Z 1842  |e b  |j --%%--  |g Bestand: 1901; 1902,2-4; 1903,1-3; 1904 - 1905; 1908 - 1909; [75.]1910,1-3; 76.1911,1-3  |y bb  |z 30-08-07 
980 |2 131  |1 01  |x 3131  |b 1290299862  |c 00  |f --%%--  |d Z 6670  |e --%%--  |j --%%--  |g Bestand: 1852 - 1859; 1864; 1867 - 1872; 1874/75 - 1877; 1880; 1884; 1891; 1893 - 1896; 64.1899 - 65.1900; 76.1911 - 77.1912; 80.1915 - 81.1916; 87.1922 - 88.1923  |y b  |z 28-01-12 
980 |2 135  |1 01  |x 3313  |b 926544195  |c 00  |f AR  |d ZEu/b3/34  |e i  |j --%%--  |g Bestand: 1896; 1905-1906; 1908-1915; 1919-1921  |y b  |z 24-03-09 
980 |2 162  |1 01  |x 3162  |b 582559081  |k Einzelsig.  |y x  |z 01-12-02 
980 |2 176  |1 01  |x 3703/2  |b 335820212  |c 00  |f Em  |d 15.51.06.004  |e f  |j --%%--  |g Bestand: 1850(1854) - 1877; 1879 - 1881; 1884 - 1910; 76.1911 - 78.1913; 80.1915 - 85.1920  |y b2  |z 16-04-99 
980 |2 176  |1 02  |x 3703/1  |b 320930378  |c 00  |f Au  |d ZS 230  |e f  |j --%%--  |g Bestand: 1850-1901; 1904; 1912,H.4; 1919; 1920; 1921,H.3/4  |y b1  |z 18-02-99 
980 |2 176  |1 03  |x 3703/1  |b 1543977383  |c 00  |f Au:SHOK  |d SHOK : UEG ZS 14  |e i  |j --%%--  |c 01  |f Au  |d UEG VI 3 c 107  |e --%%--  |j --%%--  |g Bestand: 1902 - 1908  |y b1  |z 01-06-15 
980 |2 176  |1 04  |x 3703/5  |b 177817289X  |c 00  |f OTM  |d XIV E 1 Zei  |e i  |j --%%--  |g Bestand: 1920 - 1922  |y z5t  |z 13-06-18 
980 |2 176  |1 05  |x 3703/5  |b 1780442882  |c 00  |f OTM  |d Ordner: 772  |e i  |j --%%--  |g Bestand: einzelne Aufsatzkopie  |y z5t  |z 25-06-18 
980 |2 179  |1 01  |x 8306  |b 816377766  |c 00  |f B4/LEd IV  |d Z 6  |e g  |j --%%--  |g Bestand: 1854 ; 1859/69 ; 1869 ; 1879 ; 1881 - 1888 ; 1890 ; 1895 ; 1899 ; 1901  |y z  |z 17-04-07 
980 |2 179  |1 02  |x 8306  |b 1604592427  |c 00  |f B4  |d Einzelsign.  |e f  |j --%%--  |g Bestand: 1885,1  |k nur Heft 1 vorh.  |y b  |z 04-03-16 
980 |2 181  |1 15  |x 3181/015  |b 636982769  |c 00  |f AB-M8  |d Z 142 - N 1  |e f  |j --%%--  |g Bestand: 1901; 1903; 86.1921 - 87.1922. - 1901 u.1903 als Nachdr.  |y bb015  |z 27-11-99 
980 |2 181  |1 16  |x 3181/015  |b 636982777  |c 00  |f AB-M8  |d Z 142 - N 1:Reg.  |e f  |j --%%--  |g Bestand: 1819/10.1911  |y bb015  |z 27-11-99 
980 |2 203  |1 01  |x 3522  |b 40608680X  |c 00  |f H210  |d 7P  |e i  |j --%%--  |g Bestand: 1854/55(1856); 1860(1861); 1863(1864); 1866/67 - 1868/69; 1871; 1878 - 1879; 1882/83 - 1883; 1886/87 - 88.1923  |y bm21001  |z 13-10-00 
980 |2 203  |1 02  |x 3522  |b 406108234  |c 00  |f H210  |d --%%--  |e i  |j --%%--  |g Bestand: Register 1819/1910  |y bm21001  |z 13-10-00 
980 |2 203  |1 03  |x 3522  |b 1231384123  |c 00  |f H77  |d XIX o 54=Münzkabinett  |e i  |j --%%--  |g Bestand: 77.1912,2  |y bm07706  |z 08-03-11 
980 |2 203  |1 04  |x 3522  |b 3763851577  |c 00  |f H103  |d Of171  |e i  |j --%%--  |g Bestand: 1.2020  |y bm10305  |z 29-09-20 
980 |2 217  |1 01  |x 3707/002  |b 766969606  |c 00  |f Hv111  |d A I 1033  |e u  |j --%%--  |g Bestand: 1850 - 1919  |y bi111  |z 31-05-06 
980 |2 217  |1 02  |x 3707/003  |b 1690606371  |c 00  |f Lo1 FHEG  |d Hist. eccl. 7163  |e f  |j --%%--  |g Bestand: 1872  |k Sonderdruck: Ahrens, H. L.: Zur ältesten Geschichte des Klosters Loccum  |y bilo1  |z 02-04-17 
980 |2 217  |1 03  |x 3707/003  |b 3491959519  |c 00  |f Lo1 FHEG  |d Hist. 3252  |e s  |j --%%--  |g Bestand: [16.]1850(1854) - [75.]1910; 76.1911 - 88.1923  |y bilo1  |z 10-03-19 
980 |2 227  |1 01  |x 0056  |b 380084481  |c 00  |f --%%--  |d Zs I 382  |e --%%--  |j --%%--  |g Bestand: 1850 - 88.1923  |y b  |z 22-02-00 
980 |2 235  |1 01  |x 3235/035  |b 1464357234  |c 00  |f NLD H  |d Z. T 10 A 1  |e g  |j --%%--  |g Bestand: 1851 - 1888 ; 1891 - 1898 ; 1899 ; 1900 ; 1902 - 1908 ; 1909, H. 3 ; 75.1910 - 85.1920 ; 87.1922 ; 88.1923  |y zS35  |z 01-03-13 
980 |2 244  |1 01  |x 3244  |b 636982742  |c 00  |f --%%--  |d 26 A 3  |e i  |j --%%--  |g Bestand: [16.]1850(1854) - [39.]1873; [40.]1874/75(1875); [44.]1879 - [51.]1886; [53.]1888 - [57.]1892; [60.]1895 - [75.]1910; 76.1911 - 81.1916; 83.1918 - 86.1921  |k Band [40.]1874/75(1875) ist unvollständig, es liegen nur die Seiten 1-64 vor.  |y b  |z 27-11-99 
980 |2 289  |1 01  |x 3289  |b 873008219  |h j19  |y b  |z 07-05-08 
980 |2 340  |1 01  |x 4340  |b 642314497  |c 00  |f --%%--  |d 22811  |e i  |j --%%--  |g Bestand: 1901 - 1922  |y bl  |z 08-04-04 
980 |2 350  |1 01  |x 8293  |b 097039268  |c 00  |f KELLER  |d Z 71  |e i  |j --%%--  |g Bestand: 1889; 1896 - 1908; [75.]1910 - [87.]1922  |y b  |z 10-05-95 
980 |2 352  |1 01  |x 4352/0001  |b 948686340  |c 00  |f M01:Magazin  |d ZA1850  |e i  |j --%%--  |g Bestand: 16.1850 - 85.1920  |y bM01  |z 24-09-09 
980 |2 352  |1 02  |x 4352/0002  |b 1264529902  |c 00  |f M02  |d GBH 110  |e i  |j --%%--  |g Bestand: 1862  |y bM02  |z 12-08-11 
980 |2 352  |1 03  |x 4352  |b 1336679425  |y xM02  |z 01-11-12 
980 |2 365  |1 01  |x 4365  |b 4319140931  |c 00  |f --%%--  |d Zc-136  |e i  |j --%%--  |g Bestand: 16.1850; 79.1914  |y b  |z 08-05-23 
980 |2 613  |1 01  |x 4613  |b 943018498  |y x  |z 01-05-09 
980 |2 632  |1 01  |x 0476/1  |b 4791905245  |c 00  |f STA  |d 4495/1-65  |e i  |j --%%--  |c 01  |f --%%--  |d GZS 01 ZhVN  |e --%%--  |j --%%--  |g Bestand: 1.1857 - 55.1912; 57.1914 - 62.191964.1921 - 65.1922  |y z1  |z 27-10-25 
980 |2 640  |1 01  |x 0205  |b 1749021749  |c 00  |f Magazin  |d 857/002  |e s  |j --%%--  |g Bestand: Jg. 1850 - 1922  |y b  |z 08-02-18 
980 |2 642  |1 01  |x 3642  |b 127800632X  |g Bestand: Einzelsign.  |y x  |z 17-11-11 
980 |2 651  |1 01  |x 4651/mus  |b 1274495148  |c 00  |f --%%--  |d --%%--  |e i  |j --%%--  |g Bestand: Jg. 1868 - Band 12, 1935  |y nm  |z 28-10-11 
980 |2 651  |1 02  |x 4651/arc  |b 3711463770  |c 00  |f --%%--  |d --%%--  |e i  |j --%%--  |y xa  |z 08-07-20 
980 |2 662  |1 01  |x 4662/0003  |b 1726482340  |c 00  |f --%%--  |d L 63, 1-2  |e i  |j --%%--  |g Bestand: Jge. 1893 und 1897  |h BIBDUER  |k Bestand Duering  |y n  |z 27-09-17 
980 |2 662  |1 02  |x 4662/0003  |b 1726522156  |c 00  |f --%%--  |d E 009, 1-26  |e i  |j --%%--  |g Bestand: 1885-1909  |h BIBDUER  |k Bestand Duering  |y n  |z 27-09-17 
980 |2 662  |1 03  |x 4662/0003  |b 1726522210  |c 00  |f --%%--  |d E 010  |e i  |j --%%--  |g Bestand: 1910  |h BIBDUER  |k Bestand Duering  |y n  |z 27-09-17 
980 |2 665  |1 01  |x 3665/01  |b 1473668794  |c 00  |f AU Bibliothek 1. Stock  |d V 600  |e i  |j --%%--  |g Bestand: 1850-1923  |y nau  |z 03-02-13 
980 |2 665  |1 02  |x 3665/02  |b 1495834697  |c 00  |f BU Familie von Münchhausen  |d Mü 06/339  |e i  |j --%%--  |g Bestand: 1883, 86.1921.1/2  |y xbu  |z 06-08-13 
980 |2 665  |1 03  |x 3665/03  |b 1458969169  |c 00  |f HA Benutzersaal  |d BS IV 00002  |e i  |j --%%--  |g Bestand: 1850-87.1923; Systemat. Inhaltsverz. 1819/1910(1911)  |y nha  |z 03-02-13 
980 |2 665  |1 04  |x 3665/03  |b 1458969215  |c 00  |f HA Benutzersaal Pattensen  |d BS IV 00002  |e i  |j --%%--  |g Bestand: 1850-1922; Systemat. Inhaltsverz. 1819/1910(1911)  |k Bestand lückenhaft  |y nha  |z 03-02-13 
980 |2 665  |1 05  |x 3665/03  |b 1458969150  |c 00  |f HA Dienstbibliothek  |d ZS 00106  |e i  |j --%%--  |g Bestand: 1850-87.1923. - Systemat. Inhaltsverz. 1819/1910(1911)  |k Status: DA-Gf  |y nha  |z 03-02-13 
980 |2 665  |1 06  |x 3665/03  |b 1458969177  |c 00  |f HA Bibliothek des Historischen Vereins für Niedersachsen  |d HV A 00151  |e i  |j --%%--  |g Bestand: 1850-87.1923  |y nha  |z 03-02-13 
980 |2 665  |1 07  |x 3665/05  |b 1580787908  |c 00  |f OS Dienstbibliothek  |d 3803  |e i  |j --%%--  |k "Der systematische Index 1819/1910 enthält außerdem d. Indices von Vorg.; alph. Index 1845/56 in: 1856; 1857/71 in: 1871. - Hannover : Hahn : Geibel : Gersbach [1850-1919]. - Beil.: Nachrichtenblatt für Niedersachsens Vorgeschichte. - Vorg.: Historischer Verein für Niedersachsen: Archiv des Historischen Vereins für Niedersachsen. - 1869 - 1891 Beil., dann darin aufgeg.: Historischer Verein für Niedersachsen: Nachricht über den Historischen Verein für Niedersachsen - Forts.: Niedersächsisches Jahrbuch"  |y nos  |z 03-02-13 
980 |2 665  |1 08  |x 3665/05  |b 1580787916  |c 00  |f OS Bibliothek des Vereins für Geschichte und Landeskunde von Osnabrück  |d A I 38  |e i  |j --%%--  |g Bestand: [16.]1850(1854) - [75.]1910; 76.1911 - 88.1923 21.1857 fehlen  |y nos  |z 03-02-13 
980 |2 665  |1 09  |x 3665/06  |b 1550741977  |c 00  |f ST Bibliothek Freudentheil  |d Freu 1676  |e i  |j --%%--  |g Bestand: 1896, 1898, 1899  |k Es fehlen: 1897  |y nst  |z 03-02-13 
980 |2 665  |1 10  |x 3665/06  |b 1550764810  |c 00  |f ST Bibliothek Freudentheil  |d Freu 0391  |e i  |j --%%--  |g Bestand: 1892, 1894, 1895, 1897, 1900  |k Es fehlen: 1893, 1896, 1898, 1899  |y nst  |z 03-02-13 
980 |2 665  |1 11  |x 3665/06  |b 155075792X  |c 00  |f ST Stader Geschichts- und Heimatverein  |d GHV ZS 046  |e i  |j --%%--  |g Bestand: 1850 - 1921  |k Es fehlen: 1855/1856, 1922/1923  |k "Außerdem vorh.: Systematisches Repertorium zu den enthaltenen Abhandlunge (Hannover, 1880) sowie systematisches Inh.-Verz. zu den Jg. 1819 - 1910 1896 vermißt"  |y nst  |z 03-02-13 
980 |2 665  |1 12  |x 3665/07  |b 1810985463  |c 00  |f WO Dienstbibliothek  |d Zh6  |e i  |j --%%--  |g Bestand: 1850-1923  |y rwo  |z 09-10-18 
980 |2 665  |1 13  |x 3665  |b 412221193X  |y nst  |z 26-04-22 
980 |2 674  |1 01  |x 4674  |b 4652078579  |c 00  |f GWLB  |d --%%--  |e --%%--  |j --%%--  |y x  |z 15-01-25 
980 |2 675  |1 01  |x 4675/0003  |b 3599056404  |c 00  |f --%%--  |d P B I 5 380  |e i  |j --%%--  |g Bestand: Jg. 82.1917, H.1/2  |y zb3  |z 27-02-20 
980 |2 675  |1 02  |x 4675/0003  |b 3599054169  |c 00  |f --%%--  |d P Z 444  |e i  |j --%%--  |g Bestand: Jg. 1904-1912; 1914, H.4; 1915, H.2+4; 1916; 1917; 1919, H.3+4; 1920; 1921, H.1+2  |y zb3  |z 27-02-20 
980 |2 675  |1 03  |x 4675/0001  |b 4949428446  |c 00  |f --%%--  |d St A ZS E 002  |e i  |j --%%--  |g Bestand: 1889-1910  |k Fehlende Ex.: 1890  |y z  |z 09-04-26 
980 |2 688  |1 01  |x 4688/0001  |b 1433006340  |c 00  |f KMFH  |d G 1854  |e i  |j --%%--  |y nkm  |z 10-07-13 
980 |2 692  |1 01  |x 4692  |b 1808962214  |c 00  |f --%%--  |d Hn 003  |e d  |j --%%--  |k Anm. 2: Von 1892-1910 zugl. Organ des Vereins für Geschichte und Altertümer der Herzogtümer Bremen und Verden und des Landes Hadeln. - Erschien jährl., später auch teilw. mehrere Hefte im Jahr ; seit 1910 bei Geibel, Hannover ; von 1915 bis 1919 bei Gersbach, Hannover ; seit 1920 bei Lax, Hildesheim. - Ab 1920 Anhang: Nachrichtenblatt für Niedersächsische Vorgeschichte. - Teilw. mit Vereinsnachrichten [extra Seitenzählg.]  |y n  |z 21-09-18 
980 |2 721  |1 01  |x 4721  |b 1739830318  |c 00  |f --%%--  |d Z-D 595  |e s  |j --%%--  |g Bestand: [16.]1850(1854) - 88.1923  |y b  |z 05-01-18 
980 |2 791  |1 01  |x 3791  |b 3575162204  |c 00  |f LS  |d Z GS 193  |e f  |j --%%--  |g Bestand: 1850;1854-1922  |y z  |z 14-01-20 
980 |2 812  |1 01  |x 4812/0002  |b 3844701222  |c 00  |f A  |d 100 Z  |e i  |j --%%--  |g Bestand: 1850 - 1853; 1856 -1875; 1878 - 1910; 76.1911 - 88.1923  |y bA  |z 29-01-21 
980 |2 812  |1 02  |x 4812/0002  |b 3844513655  |c 00  |f A  |d 100 Z  |e i  |j --%%--  |g Bestand: 1904,1-3; 1905,1-2; 1907 - 1909; 76.1911,1; 77.1912,4; 78.1913,1,4; 80.1915 - 84.1919,1-2  |k 2. Exemplar  |y bA  |z 29-01-21 
980 |2 812  |1 03  |x 4812/0001  |b 384823565X  |c 00  |f M  |d 06-Z 23  |e i  |j --%%--  |g Bestand: [73.]1908; 80.1915; 82.1917  |h ACQ  |k Alte Signatur: E 102  |k Die Signatur enthält die Jahreszahl vor der Bandzahl. Die Bände stehen vor den Bänden des Niedersächsischen Jahrbuchs.  |y bM  |z 03-02-21 
980 |2 813  |1 01  |x 4813  |b 4402559561  |c 00  |f EBAM  |d BAM/Z:0042  |e i  |j --%%--  |g Bestand: 87.1922  |y bdbm  |z 05-10-23 
980 |2 813  |1 02  |x 4813  |b 440255957X  |c 00  |f DOFM  |d ZL - BD 02.01  |e u  |j --%%--  |y ndbm  |z 05-10-23 
980 |2 813  |1 03  |x 4813  |b 4402559588  |c 00  |f DMAG  |d Z:2480  |e u  |j --%%--  |y ndbm  |z 05-10-23 
980 |2 1003  |1 01  |x 5003/0002  |b 1604869054  |c 00  |f --%%--  |d P-98 --0 Archivleitung  |e i  |j --%%--  |y n  |z 03-03-16 
980 |2 1005  |1 01  |x 5005  |b 1590371399  |c 00  |f --%%--  |d Ri 5m  |e d  |j --%%--  |g Bestand: 1886-1892; 1894-1895; 1897-1910: 76.1911-84.1919  |h ST032131  |y r  |z 14-12-15 
980 |2 1018  |1 01  |x 4018  |b 4435928647  |c 00  |f --%%--  |d ZK 5  |e d  |j --%%--  |y z  |z 14-12-23 
980 |2 1020  |1 01  |x 5020  |b 3744888398  |c 00  |f --%%--  |d Gz/Zeit  |e i  |j --%%--  |g Bestand: 1873(1874) - 85.1920  |y b  |z 31-08-20 
980 |2 1121  |1 01  |x 4121/001  |b 4644464015  |c 00  |f LAMD-Magazin  |d Periodika A XXVII g 23 a  |e i  |j --%%--  |g Bestand: 1850 - 1910; 76.1911 - 88.1923  |y b  |z 02-01-25 
980 |2 2001  |1 01  |x DE-21  |b 210926571X  |c 00  |f --%%--  |d Fo XII b 556 a  |e --%%--  |j --%%--  |g Bestand: 1850 - 1893; 86.1921 - 88.1923  |y z01  |z 29-09-88 
980 |2 2003  |1 01  |x DE-25  |b 2109265604  |c 00  |f --%%--  |d H 475  |e --%%--  |j --%%--  |g Bestand: 1867 - 1910; 76.1911 - 87.1922  |y z01  |z 07-10-88 
980 |2 2003  |1 02  |x DE-25  |b 2109265612  |c 00  |f --%%--  |d H 475  |e --%%--  |j l  |g Bestand: 1819/1910  |y z24  |z 27-11-99 
980 |2 2006  |1 01  |x DE-14  |b 2109265590  |c 00  |f --%%--  |d Hist.Sax.inf.0564  |e --%%--  |j --%%--  |g Bestand: [16.]1850(1854) - [75.]1910; 76.1911 - 88.1923  |y z01  |z 29-11-97 
980 |2 2006  |1 02  |x DE-14  |b 2687229229  |c 00  |f --%%--  |d Hist.Sax.inf.0564  |e --%%--  |j l  |g Bestand: 1819/1910(1911)  |y z24  |z 15-08-11 
980 |2 2007  |1 01  |x DE-352  |b 2109265647  |c 00  |f --%%--  |d gsa 2/n41  |e --%%--  |j --%%--  |g Bestand: 16.1850(1854) - 87.1922. Bestandsluecken: [N=1851;1909]  |y z01  |z 05-10-88 
980 |2 2008  |1 01  |x DE-24  |b 210926568X  |c 00  |f --%%--  |d Z 4092  |e --%%--  |j --%%--  |g Bestand: 1850(1854) - 88.1923. Bestandsluecken: [N=1898;1901; L=1871;82]  |y z01  |z 23-09-88 
980 |2 2008  |1 02  |x DE-24  |b 2109265698  |c 00  |f --%%--  |d Z 4092  |e --%%--  |j --%%--  |g Bestand: 1845/56. - 1845/56 an 1856  |y z24  |z 01-02-01 
980 |2 2010  |1 01  |x DE-15  |b 2109265655  |c 00  |f --%%--  |d Hist.Sax.inf.507-b  |e --%%--  |j --%%--  |g Bestand: 1850 - 87.1922  |y z01  |z 24-05-95 
980 |2 2010  |1 02  |x DE-15  |b 2109265663  |c 00  |f --%%--  |d 94-8-3781  |e --%%--  |j l  |g Bestand: (1880)  |y z24  |z 01-02-01 
980 |2 2010  |1 03  |x DE-15  |b 2109265671  |c 00  |f --%%--  |d Hist.Sax.inf.507-bb  |e --%%--  |j l  |g Bestand: 1819/1910(1911)  |y z25  |z 27-11-99 
980 |2 2011  |1 01  |x DE-16  |b 2109265639  |c 00  |f --%%--  |d B 5854  |e --%%--  |j l  |g Bestand: [16.]1850(1854) - 87.1922. Bestandsluecken: [N=1852;1871;Ind.1857/71]  |y z01  |z 27-11-99 
980 |2 2020  |1 01  |x DE-Ch1  |b 3923264119  |c 00  |f --%%--  |d A10048  |e --%%--  |j l  |g Bestand: 1855(1857); 1857(1859) - 1876; 1878 - 1904; 1908 - 1909; 79.1911 - 88.1923  |y z01  |z 04-05-21 
980 |2 2030  |1 01  |x DE-77  |b 4874886566  |c 00  |f --%%--  |d ZG 832  |e --%%--  |j l  |c 01  |f MAG  |d --%%--  |e --%%--  |j --%%--  |g Bestand: 1867 - 1910; 76.1911 - 87.1922  |y z01  |z 06-10-98 
980 |2 2032  |1 01  |x DE-122  |b 2109265728  |c 00  |f --%%--  |d AVZ 125  |e --%%--  |j --%%--  |g Bestand: 1850 - 1922  |y z01  |z 20-07-94 
980 |2 2046  |1 01  |x DE-N1  |b 2597170764  |c 00  |f --%%--  |d 8 G 439  |e --%%--  |j k  |g Bestand: 1850(1854) - 88.1923  |y z01  |z 27-11-99 
980 |2 2046  |1 02  |x DE-N1  |b 2597170772  |c 00  |f --%%--  |d 8 G 439  |e --%%--  |j k  |g Bestand: 1819/1910(1911)  |y z24  |z 27-11-99 
980 |2 2073  |1 01  |x DE-59  |b 2567868089  |c 00  |f --%%--  |d 1 Z 323  |e --%%--  |j l  |g Bestand: 40.1874 - 88.1923  |y z01  |z 27-11-99 
980 |2 2158  |1 01  |x DE-D115  |b 2592935533  |c 00  |f --%%--  |d Zs 323 a  |e --%%--  |j k  |g Bestand: 1853(1856); 1870(1871); 1882 - 87.1922. Bestandsluecken: [N=1883-1884; 1887-1888; 1890; 1892; 1903,1; 1913,1u.4; 1916,1-3; 84.1919,1/2; 1921]  |y z01  |z 11-02-09 
980 |2 2228  |1 01  |x DE-475  |b 2109265620  |c 00  |f --%%--  |d A 196 d  |e --%%--  |j n  |g Bestand: 1895. - Präsenzbestand  |y z01  |z 27-11-99 
980 |2 2299  |1 01  |x DE-Gl2  |b 2686035307  |c 00  |f --%%--  |d SH VIII 68  |e --%%--  |j l  |g Bestand: [16.]1850(1854) - [75.]1910; 76.1911 - 86.1921  |y z01  |z 01-08-11 
980 |2 2299  |1 02  |x DE-Gl2  |b 2686035315  |c 00  |f --%%--  |d SH VIII 68  |e --%%--  |j l  |g Bestand: 1856  |y z02  |z 01-08-11 
980 |2 2407  |1 01  |x DE-165  |b 2567846719  |c 00  |f --%%--  |d --%%--  |e --%%--  |j l  |g Bestand: [16.]1850(1854) - 87.1922  |y z01  |z 27-11-99 
980 |2 2527  |1 02  |x DE-125  |b 3049864117  |c 00  |f --%%--  |d ZK/8°/1102  |e --%%--  |j l  |g Bestand: 1887 - 1910; 76.1911 - 87.1922. - Index: Historischer Verein für Niedersachsen : Systematisches Repertorium der im "Vaterländischen Archiv", in der "Zeitschrift des Historischen Vereins für Niedersachsen" und im "Hannoverschen Magazin" enthaltenen Abhandlungen  |y z01  |z 29-01-19 
980 |2 2535  |1 01  |x DE-2620  |b 3039847430  |c 00  |f --%%--  |d --%%--  |e --%%--  |j --%%--  |y l01  |z 14-01-19 
980 |2 4012  |1 01  |x 40004  |b 3419543832  |c 00  |f --%%--  |d Germ.sp. 540 xp  |e --%%--  |j --%%--  |g Bestand: 1850 - 1923. - [1910,a]: Systematisches Inh.-Verz. 1819 - 1910  |y b  |z 12-11-98 
980 |2 4012  |1 02  |x 40004  |b 3419543840  |c 00  |f --%%--  |d MB 1399 - MB 1410  |e --%%--  |j --%%--  |g Bestand: 1850 - 1923. - Masterfilm, nicht verleihbar. - Verfilmungsvorlage kollationiert; 35-mm-Silberhalogenidrollfilm auf Polyester, negativ; VF 10,5x; Dupliziervorlage. - [1910,a]: Systematisches Inh.-Verz. 1819 - 1910  |y b  |z 01-02-07 
980 |2 4012  |1 03  |x 40004  |b 3419543859  |c 00  |f --%%--  |d Film R 2000.222  |e --%%--  |j --%%--  |g Bestand: 1850 - 1923. - Mikrofilm-Ausg.: München : Bayerische Staatsbibliothek, 2001. - [1910,a]: Systematisches Inh.-Verz. 1819 - 1910  |y b  |z 25-03-02 
980 |2 4027  |1 01  |x 40032  |b 3419543972  |c 01  |f 90  |d --%%--  |e --%%--  |j --%%--  |g Bestand: [16.]1850(1854); [18.]1852(1855) - [21.]1855(1857); [23.]1857(1859) - [31.]1865(1866); [36.]1870(1971) - [46.]1881; [49.]1884 - [50.]1885; [55.]1890 - 88.1923  |y b  |z 27-11-99 
980 |2 4027  |1 02  |x 40032  |b 3419543980  |c 01  |f 90  |d --%%--  |e --%%--  |j --%%--  |g Bestand: [59.]1894 - [60.]1895; [62.]1897 - [67.]1902; [75.]1910 - 76.1911; 83.1918  |y b  |z 27-11-99 
980 |2 4028  |1 01  |x 40001  |b 3419543751  |c 00  |f --%%--  |d Z 58/19  |e --%%--  |j --%%--  |g Bestand: [16.]1850(1854) - [75.]1910; 76.1911. Bestandsluecken: [N=63.1898;66.1901]. - Index 1845/56 in: 1856; 1857/71 in: 1871  |y b  |z 27-11-99 
980 |2 4029  |1 01  |x 40028  |b 3419543948  |g Bestand: [16.]1850 - 88.1923. Bestandsluecken: [N=1852-1861;1870-1872; 1874-1875;1880;1905-1906;1917]  |y b  |z 29-12-99 
980 |2 4029  |1 02  |x 40028  |b 3419543956  |g Bestand: 1819/1910(1911)  |y b  |z 29-12-99 
980 |2 4035  |1 01  |x 40000  |b 3419543743  |c 00  |f --%%--  |d VII eC 728  |e s  |j --%%--  |g Bestand: 1850(1854) - 1854; 1856 - 1873; 1875 - 1885; 1890 - 1910; 76.1911 - 87.1922  |y b  |z 06-10-98 
980 |2 4037  |1 01  |x DE-26  |b 3419543883  |c 00  |f --%%--  |d ZZ 69/230  |e s  |j --%%--  |g Bestand: 1862; 1874/75; 1882 - 1885; 1888 - 1903; 1904,1-2u.4; 1905 - 1910; 76.1911 - 87.1922  |y b  |z 06-10-98 
980 |2 4038  |1 01  |x 40035  |b 3419544006  |c 00  |f 000  |d ZG 832  |e s  |j --%%--  |g Bestand: 1867 - 1910; 76.1911 - 87.1922  |y b  |z 06-10-98 
980 |2 4103  |1 01  |x DE-188  |b 3419544030  |c 00  |f --%%--  |d 12 ZE 192  |e s  |j --%%--  |g Bestand: 1862(1863); 1866(1867); 1869(1870) - 1870(1871); 1873(1874); 1880 - 1881; 1886 - 1887; 1891 - 1892; 1894 - 1897; 1899 - 1910  |y b  |z 27-11-99 
980 |2 4103  |1 02  |x DE-188  |b 3419544049  |c 00  |f --%%--  |d 12 ZE 192  |e s  |j --%%--  |g Bestand: 76.1911 - 88.1923  |y b  |z 27-11-99 
980 |2 4103  |1 03  |x DE-188  |b 3419544057  |c 00  |f --%%--  |d 28/73/1188(5)-0,1.1819/1910  |e s  |j --%%--  |g Bestand: 1819/1910(1911). - Indices zu 1819/49 beziehen sich auf die Vorgänger  |y b  |z 27-11-99 
980 |2 4112  |1 01  |x 40009  |b 3419543891  |c 01  |f H00  |d H00/HIST 658 hx  |e --%%--  |j --%%--  |g Bestand: 16.1850(1854) - 88.1923  |y b  |z 01-11-96 
980 |2 4155  |1 01  |x 40002  |b 341954376X  |c 00  |f --%%--  |d Z 598  |e s  |j --%%--  |g Bestand: 1852(1855) - 1858(1860); 1860(1861) - 1861(1862); 1866 - 1873(1874); 1874/75(1875); 1876 - 1877; 1880; 1886 - 1899. - 1886 als Xerokopie  |y b  |z 27-11-99 
980 |2 4155  |1 02  |x 40002  |b 3419543778  |c 00  |f --%%--  |d Z 598  |e s  |j --%%--  |g Bestand: [65.]1900 - 88.1923  |y b  |z 27-11-99 
980 |2 4155  |1 03  |x 40002  |b 3419543786  |c 00  |f --%%--  |d SA 47550  |e s  |j --%%--  |g Bestand: [19.]1853(1855)  |y b  |z 27-11-99 
980 |2 4155  |1 04  |x 40002  |b 3419543794  |c 00  |f --%%--  |d in SA 57328  |e s  |j --%%--  |g Bestand: [74.]1909  |y b  |z 27-11-99 
980 |2 4155  |1 05  |x 40002  |b 3419543808  |c 00  |f --%%--  |d Z 598  |e s  |j --%%--  |g Bestand: 1850/1910(1911)  |y b  |z 27-11-99 
980 |2 4193  |1 01  |x 40003  |b 3419543816  |c 00  |f --%%--  |d Rk 135:F8  |e --%%--  |j --%%--  |g Bestand: [16.]1850(1854) - [22.]1856(1859); [28.]1862(1863) - [75.]1910; 76.1911 - 88.1923  |y b  |z 29-12-16 
980 |2 4193  |1 02  |x 40003  |b 3419543824  |c 00  |f --%%--  |d Rk 135:F8  |e --%%--  |j --%%--  |g Bestand: [23.]1857(1859) - [27.]1861(1862). - Rara. - Exlibris: Aus der Bibliothek der Brüder Jacob und Wilhelm Grimm  |y b  |z 29-12-16 
980 |2 4246  |1 01  |x 40033  |b 3419543999  |c 00  |f --%%--  |d GV Hann 1  |e s  |j --%%--  |g Bestand: [67.]1902 - [75.]1910; 76.1911 - 87.1922  |y b  |z 06-10-98 
980 |2 4251  |1 01  |x DE-43  |b 3419543964  |c 00  |f --%%--  |d 60 Fh 3056  |e s  |j --%%--  |g Bestand: 16.1850 - 87.1922  |y b  |z 20-02-13 
980 |2 4253  |1 01  |x 40027  |b 3419543913  |g Bestand: [16].1850(1854) - [75].1910; 76.1911 - 85.1920; 88.1923. Bestandsluecken: [N=[18.]1852;[60.]1895]  |y b  |z 16-01-08 
980 |2 4253  |1 02  |x 40027  |b 3419543921  |g Bestand: 1880  |y b  |z 16-01-08 
980 |2 4253  |1 03  |x 40027  |b 341954393X  |g Bestand: 1819/1910; 1845/56; 1857/81  |y b  |z 21-04-99 
980 |2 4261  |1 01  |x DE-Mb50  |b 3419544103  |c 00  |f --%%--  |d 19 XV BZ 16  |e s  |j --%%--  |g Bestand: 1908,2; 77.1912,4; 80.1975,1u.4  |y b  |z 20-03-09 
980 |2 4277  |1 01  |x DE-109  |b 3419544022  |c 00  |f --%%--  |d ZA 2799  |e s  |j --%%--  |c 01  |f BStB  |d --%%--  |e --%%--  |j --%%--  |g Bestand: 1880 - 1889; 1896; 79.1914 - 80.1915  |y b  |z 27-11-99 
980 |2 4302  |1 01  |x 40044  |b 3419544014  |g Bestand: [16.]1850(1854) - [75.]1910; 76.1911 - 88.1923  |y b  |z 27-11-99 
980 |2 4305  |1 01  |x 40006  |b 3419543867  |c 01  |f 0001  |d --%%--  |e --%%--  |j --%%--  |g Bestand: 1857 - 1876; 1913,1-3 = Jg. 78  |y bn  |z 26-03-90 
980 |2 4306  |1 01  |x 40007  |b 3419543875  |c 01  |f --%%--  |d Germ. 124c  |e --%%--  |j --%%--  |g Bestand: 1850(1854)-1910; 76.1911-87.1922  |y b  |z 29-07-96 
980 |2 4309  |1 01  |x 40053  |b 3419544065  |c 00  |f --%%--  |d ZGB 1550  |e --%%--  |j --%%--  |g Bestand: 76.1911 - 88.1923  |y b  |z 27-11-99 
980 |2 4316  |1 01  |x 40065  |b 3419544073  |c 00  |f --%%--  |d 04-40H20  |e --%%--  |j --%%--  |g Bestand: 16.1850(1854) - 88.1923. Bestandsluecken: [N=24;25-30;44;46-57;62-63;66;68;73-74;82;85-86]  |y b  |z 27-11-99 
980 |2 4321  |1 01  |x 40031  |b 3419544111  |c 00  |f --%%--  |d Hz 20  |e --%%--  |j --%%--  |g Bestand: [16.]1850(1854) - [75.]1910; 76.1911 - 88.1923  |y b  |z 27-11-99 
980 |2 4323  |1 01  |x 40069  |b 3419544081  |c 01  |f 45  |d 45/NA 8064  |e --%%--  |j --%%--  |g Bestand: 1850(1854) - 1852(1855); 1854(1856) - 1855(1857); 1856(1859),2; 1857(1859) - 1864(1854); 1866(1867) - 1874/75; 1884 - 1893; 1895; 1902,2; 1909 - 1911; 1912,1.4  |y b  |z 03-04-96 
980 |2 4325  |1 01  |x 40074  |b 341954409X  |c 01  |f 00  |d 00/NA 8064  |e --%%--  |j --%%--  |g Bestand: 73,1-3.1908; 74.1909 - 88.1923. - Fs.v.:Historischer Verein für Niedersachsen.Archiv. - Fs.s. Niedersächsisches Jahrbuch für Landesgeschichte  |y b  |z 28-09-96 
980 |2 4385  |1 01  |x DE-F42  |b 3419543905  |c 00  |f --%%--  |d Ga III 48  |e s  |j --%%--  |g Bestand: 1886{nur S. 1-176 vorhanden}; 1887 - 1892; 1894/95; 1897 - 1902; 1903,4; 1904,2-4; 1905,1-3; 1908,1.4; 1909 - 1914; 1915,1  |y b  |z 29-10-09 
982 |2 352  |1 00  |x 4352  |8 00  |s g  |0 (DE-627)660177854  |a Halberstadt 
982 |2 632  |1 00  |x DE-476  |8 00  |0 (DE-627)612754634  |a Geschichte / Zeitschriften und Sammlungen 
982 |2 665  |1 00  |x DE-Hv4  |8 01  |a Geschichte 
982 |2 665  |1 00  |x DE-Hv4  |8 02  |a Zeitschrift 1854-1923 
982 |2 674  |1 00  |x 4674  |8 00  |s g  |0 (DE-627)1042633339  |a Niedersachsen 
982 |2 674  |1 00  |x 4674  |8 01  |s s  |0 (DE-627)1042785406  |a Historischer Verein für Niedersachsen e.V. 
982 |2 674  |1 00  |x 4674  |8 02  |s s  |0 (DE-627)1042828032  |a Regionalgeschichte 
982 |2 675  |1 00  |x 4675  |8 00  |a Zeitschrift 
982 |2 675  |1 00  |x 4675  |8 01  |a Niedersachsen 
982 |2 675  |1 00  |x 4675  |8 02  |a Landesgeschichte 
982 |2 692  |1 00  |x DE-We21  |8 00  |a Zeitschrift 
982 |2 692  |1 00  |x DE-We21  |8 00  |a Niedersachsen 
983 0 0 |2 11  |1 00  |x DE-1a  |8 11  |0 (DE-627)680663134  |a Sl 96 - Sl 282 
983 0 0 |2 11  |1 00  |x DE-1a  |8 13  |a HA 7 Fm 4155  |b HA 07 Fm 4155 
983 0 0 |2 11  |1 00  |x DE-1a  |8 50  |a HA 07 Fm 4155 Zeitschrift des Historischen Vereins für Niedersachsen / hrsg. unter Leitung ... 1854 
983 0 0 |2 11  |1 00  |x DE-1a  |8 52  |a HA 07 Fm 4155# G # Zeitschrift des Historischen Vereins für Niedersachsen ... 
983 |2 20  |1 00  |x DE-84  |8 00  |a 010/2500/2300 
983 |2 21  |1 00  |x DE-46  |8 30  |a bre 890.2 nied 
983 |2 21  |1 00  |x DE-46  |8 99  |a 02 
983 |2 22  |1 01  |x 0018  |8 00  |a 99.0702 
983 |2 30  |1 00  |x DE-104  |8 00  |a 28 
983 |2 30  |1 00  |x DE-104  |8 01  |a 80 
983 |2 30  |1 00  |x DE-104  |8 02  |a 90 
983 |2 40  |1 01  |x 0007  |8 00  |0 (DE-627)343688344  |a H HANN.001.009  |b Zeitschriften 
983 |2 40  |1 02  |x 0007  |8 00  |0 (DE-627)343688344  |a H HANN.001.009  |b Zeitschriften 
983 |2 60  |1 00  |x DE-705  |8 00  |a HIL 254.5 
983 |2 60  |1 00  |x DE-705  |8 04  |a HIS 001 
983 |2 70  |1 00  |x DE-89  |8 00  |a 010/2300/2500 
983 |2 72  |1 00  |x DE-35  |8 00  |a 010/2340/2500 
983 |2 130  |1 01  |x 0700  |8 00  |a his 
983 |2 130  |1 02  |x 0700  |8 00  |a his 
983 |2 131  |1 00  |x DE-Va1  |8 00  |a MQZ 
983 |2 289  |1 01  |x 3289  |8 99  |a j20 
983 |2 352  |1 02  |x 4352/0002  |8 00  |0 (DE-627)662822161  |a GBH  |b H 
983 |2 674  |1 00  |x 4674  |8 00  |0 (DE-627)1043283811  |a 3.1  |b Geschichtsschreibung, Geschichtsvereine 
983 |2 674  |1 00  |x 4674  |8 01  |0 (DE-627)1043282548  |a 0.4.3  |b Almanache; Kalender 
983 |2 812  |1 00  |x 4812  |8 00  |a Nds 10 Cb 
983 |2 812  |1 00  |x 4812  |8 01  |a Nds 8 B 
983 |2 1003  |1 00  |x 5003  |8 00  |a 32-20 Hannover <Staat> ; 32-20 Niedersachsen ; 98-32 ; 98-36 
985 |2 21  |1 01  |x 0046  |a fe 0045 
985 |2 21  |1 02  |x 0046  |a fe 1627 
985 |2 40  |1 06  |x 0007  |a 900 
985 |2 40  |1 07  |x 0007  |a 900 
985 |2 50  |1 01  |x 0023  |a Gn 356 
985 |2 72  |1 01  |x 0035  |a Zs 5552 
985 |2 72  |1 02  |x 0035  |a P C 263 
985 |2 72  |1 03  |x 0035  |a C 262 
985 |2 235  |1 01  |x 3235/035  |a NLD Statistik: 19.09.2000 / 1870 06.03.2001 / Jg. 1869 09.07.2001 / Jg. 1866/67 29.10.2001 / Jg. 1854 12.03.2004 / Jg. 1863 
985 |2 352  |1 02  |x 4352/0002  |a LB763 
985 |2 675  |1 01  |x 4675/0003  |a P 00270 
985 |2 675  |1 02  |x 4675/0003  |a P 06113 
985 |2 812  |1 03  |x 4812/0001  |a M10704 
985 |2 2007  |1 01  |x DE-352  |a Z 6447 
987 |2 11  |1 01  |x 0001  |j 1850  |k 1910  |0    |d 76  |j 1911  |n 88  |k 1923 
987 |2 11  |1 02  |x 0001  |j 1850  |k 1855  |0    |j 1857  |k 1879  |0    |j 1881  |0    |j 1883  |k 1884  |0    |j 1886  |k 1919  |0    |d 85  |j 1920  |n 87  |k 1922 
987 |2 20  |1 01  |x 0084  |j 1850  |k 1892  |0    |j 1894  |k 1910  |0    |d 76  |j 1911  |0    |d 79  |j 1914  |0    |d 85  |j 1920  |0    |d 87  |j 1922 
987 |2 21  |1 01  |x 0046  |j 1858  |k 1881  |0    |j 1892  |k 1907  |0    |j 1909  |k 1910  |0    |d 76/1911  |n 88  |k 1923 
987 |2 21  |1 02  |x 0046  |j 1871  |0    |j 1896  |k 1897  |0    |j 1899  |k 1900  |0    |j 1902  |k 1910  |0    |d 76  |j 1911  |n 81  |k 1916  |0    |d 83  |j 1918  |n 84  |k 1919  |0    |d 87  |j 1922  |n 88  |k 1923 
987 |2 22  |1 01  |x 0018  |d 16  |j 1850  |n 88  |k 1923 
987 |2 22  |1 03  |x 0018  |d 16  |j 1850  |n 87  |k 1922 
987 |2 22  |1 05  |x 0018  |d 16  |j 1850  |n 43  |k 1878  |0    |d 45  |j 1880  |0    |d 58  |j 1893  |n 62  |k 1897  |0    |d 64  |j 1899  |n 65  |k 1900  |0    |d 67  |j 1902  |n 81  |k 1916  |0    |d 83  |j 1918  |n 88  |k 1923 
987 |2 24  |1 01  |x 0008  |j 1856  |0    |j 1860  |k 1923 
987 |2 24  |1 03  |x 0008  |j 1850  |n 88  |k 1923 
987 |2 30  |1 01  |x 0104  |j 1850  |k 1923 
987 |2 31  |1 01  |x 0027  |d 16  |j 1850  |n 87  |k 1922 
987 |2 39  |1 01  |x 547/039  |d 62  |j 1897  |n 87  |k 1922 
987 |2 40  |1 01  |x 0007  |j 1850  |k 1910  |0    |d 76  |j 1911  |n 87  |k 1922 
987 |2 40  |1 05  |x 0007  |j 1850  |k 1892  |0    |j 1895  |k 1909 
987 |2 40  |1 06  |x 0007  |j 1850  |h 1854  |k 1910  |0    |d 76  |j 1911  |n 88  |k 1923 
987 |2 40  |1 07  |x 0007  |f Systematisches Inhaltsverzeichnis  |j 1819/1910  |h 1911 
987 |2 40  |1 08  |x 0007  |j 1895/96  |0    |j 1900  |0    |j 1904  |0    |j 1907  |0    |d 82  |j 1917 
987 |2 40  |1 11  |x 0007  |j 1910  |0    |d 76  |j 1911  |n 88  |k 1923 
987 |2 40  |1 15  |x 7/149  |j 1852  |k 1853  |0    |j 1855  |n 88  |k 1923 
987 |2 40  |1 16  |x 7/149  |f Systematisches Inhaltsverzeichnis  |j 1819/1910  |h 1911 
987 |2 50  |1 01  |x 0023  |j 1850  |k 1910  |0    |d 76  |j 1911  |n 88  |k 1923 
987 |2 60  |1 01  |x 0705  |d 87  |j 1922  |0    |d 88  |j 1923 
987 |2 61  |1 01  |x 0032  |j 1888  |0    |d 76  |j 1911  |n 86  |k 1921 
987 |2 61  |1 02  |x 0032  |j 1867  |0    |d 79  |j 1914 
987 |2 62  |1 01  |x 0028  |j 1850  |k 1910  |0    |d 76  |j 1911  |n 88  |k 1923 
987 |2 62  |1 02  |x 0028  |d 82  |j 1917  |n 86/87  |k 1921/22 
987 |2 65  |1 01  |x 0003  |d 16  |j 1850  |n 88  |k 1923 
987 |2 69  |1 01  |x 0009  |d 17  |j 1851/52  |n 87  |k 1922 
987 |2 70  |1 01  |x 0089  |j 1850  |k 1910  |0    |d 76  |j 1911  |n 88  |k 1923 
987 |2 72  |1 01  |x 0035  |d 16  |j 1850  |n 22  |k 1856  |0    |d 24  |j 1858  |n 88  |k 1923 
987 |2 72  |1 02  |x 0035  |d 16  |j 1850  |n 88  |k 1923 
987 |2 72  |1 03  |x 0035  |d 16  |j 1850  |n 88  |k 1923 
987 |2 78  |1 01  |x 0115  |d 16  |j 1850  |n 88  |k 1923 
987 |2 90  |1 01  |x 3090  |j 1850  |k 1898  |0    |j 1902  |k 1906  |0    |d 79  |j 1914  |n 82  |k 1917 
987 |2 92  |1 01  |x 0033  |j 1850  |k 1910  |0    |d 76  |j 1911  |n 88  |k 1923 
987 |2 104  |1 01  |x 0068  |d 45  |j 1880  |n 88  |k 1923 
987 |2 113  |1 01  |x 3113  |j 1850  |k 1923 
987 |2 121  |1 01  |x 0045  |d 16  |j 1850  |n 70  |k 1905;  |d 71  |j 1906  |n 75  |k 1910;  |d 76  |j 1911  |n 88  |k 1923 
987 |2 130  |1 01  |x 0700  |j 1850  |k 1852  |0    |j 1872  |k 1877  |0    |j 1879  |0    |j 1881  |k 1886  |0    |j 1890  |0    |j 1892  |k 1894  |0    |j 1898 
987 |2 130  |1 02  |x 0700  |j 1901  |0    |j 1904  |k 1905  |0    |j 1908  |k 1909 
987 |2 131  |1 01  |x 3131  |j 1852  |k 1859  |0    |j 1864  |0    |j 1867  |k 1872  |0    |j 1874/75  |k 1877  |0    |j 1880  |0    |j 1884  |0    |j 1891  |0    |j 1893  |k 1896  |0    |d 64  |j 1899  |n 65  |k 1900  |0    |d 76  |j 1911  |n 77  |k 1912  |0    |d 80  |j 1915  |n 81  |k 1916  |0    |d 87  |j 1922  |n 88  |k 1923 
987 |2 135  |1 01  |x 3313  |j 1896  |0    |j 1905  |k 1906  |0    |j 1908  |k 1915  |0    |j 1919  |k 1921 
987 |2 176  |1 01  |x 3703/2  |j 1850  |k 1877  |0    |j 1879  |k 1881  |0    |j 1884  |k 1910  |0    |d 76  |j 1911  |n 78  |k 1913  |0    |d 80  |j 1915  |n 85  |k 1920 
987 |2 176  |1 02  |x 3703/1  |j 1850  |k 1901  |0    |j 1904  |0    |j 1912  |0    |j 1919  |k 1921 
987 |2 176  |1 03  |x 3703/1  |j 1902  |k 1908 
987 |2 176  |1 04  |x 3703/5  |j 1920  |k 1922 
987 |2 179  |1 01  |x 8306  |j 1854  |0    |j 1859/69  |0    |j 1869  |0    |j 1879  |0    |j 1881  |k 1888  |0    |j 1890  |0    |j 1895  |0    |j 1899  |0    |j 1901 
987 |2 179  |1 02  |x 8306  |j 1885 
987 |2 181  |1 15  |x 3181/015  |j 1901  |0    |j 1903  |0    |d 86  |j 1921  |n 87  |k 1922 
987 |2 203  |1 01  |x 3522  |j 1854/55  |0    |j 1860  |0    |j 1863  |0    |j 1866/67  |k 1868/69  |0    |j 1871  |0    |j 1878  |k 1879  |0    |j 1882/83  |k 1883  |0    |j 1886/87  |n 88  |k 1923 
987 |2 203  |1 04  |x 3522  |d 84  |h 1919 
987 |2 217  |1 01  |x 3707/002  |j 1850  |k 1919 
987 |2 217  |1 03  |x 3707/003  |d 16  |j 1850  |n 75  |k 1910  |0    |d 76  |j 1911  |n 88  |k 1923 
987 |2 227  |1 01  |x 0056  |j 1850  |n 88  |k 1923 
987 |2 244  |1 01  |x 3244  |d 16  |j 1850  |n 39  |k 1873  |0    |d 40  |j 1874/75  |0    |d 44  |j 1879  |n 51  |k 1886  |0    |d 53  |j 1888  |n 57  |k 1892  |0    |d 60  |j 1895  |n 75  |k 1910  |0    |d 76  |j 1911  |n 81  |k 1916  |0    |d 83  |j 1918  |n 86  |k 1921 
987 |2 340  |1 01  |x 4340  |j 1901  |k 1922 
987 |2 350  |1 01  |x 8293  |j 1889  |0    |j 1896  |k 1908  |0    |d 75  |j 1910  |n 87  |k 1922 
987 |2 352  |1 01  |x 4352/0001  |d 16  |j 1850  |n 85  |k 1920 
987 |2 352  |1 02  |x 4352/0002  |j 1862 
987 |2 365  |1 01  |x 4365  |d 16  |j 1850  |0    |d 79  |j 1914 
987 |2 632  |1 01  |x 0476/1  |d 1  |j 1857  |n 55  |k 1912  |0    |d 57  |j 1914  |n 62  |k 1919  |d 64  |j 1921  |n 65  |k 1922 
987 |2 665  |1 01  |x 3665/01  |j 1850  |k 1923 
987 |2 665  |1 03  |x 3665/03  |j 1850  |n 87  |k 1923 
987 |2 665  |1 04  |x 3665/03  |j 1850  |k 1922 
987 |2 665  |1 05  |x 3665/03  |j 1850  |n 87  |k 1923 
987 |2 665  |1 06  |x 3665/03  |j 1850  |n 87  |k 1923 
987 |2 721  |1 01  |x 4721  |d 16  |j 1850  |n 88  |k 1923 
987 |2 791  |1 01  |x 3791  |j 1850  |0    |j 1854  |k 1922 
987 |2 812  |1 01  |x 4812/0002  |j 1850  |k 1853  |0    |j 1856  |k 1875  |0    |j 1878  |k 1910  |d 76  |j 1911  |n 88  |k 1923 
987 |2 812  |1 02  |x 4812/0002  |j 1904  |k 1905  |0    |j 1907  |k 1909  |0    |d 76  |j 1911  |n 78  |k 1913  |0    |d 80  |j 1915  |n 84  |k 1919 
987 |2 812  |1 03  |x 4812/0001  |j 1908  |0    |d 80  |j 1915  |0    |d 82  |j 1917 
987 |2 813  |1 01  |x 4813  |d 87  |j 1922 
987 |2 1005  |1 01  |x 5005  |j 1886  |k 1892  |0    |j 1894  |k 1895  |0    |j 1897  |k 1910  |0    |d 76  |j 1911  |n 84  |k 1919 
987 |2 1020  |1 01  |x 5020  |j 1873  |n 85  |k 1920 
987 |2 1121  |1 01  |x 4121/001  |j 1850  |k 1910  |0    |d 76  |j 1911  |n 88  |k 1923 
987 |2 2001  |1 01  |x DE-21  |j 1850  |k 1893  |0    |d 86  |j 1921  |n 88  |k 1923 
987 |2 2003  |1 01  |x DE-25  |j 1867  |k 1910  |0    |d 76  |j 1911  |n 87  |k 1922 
987 |2 2006  |1 01  |x DE-14  |d 16  |j 1850  |n 75  |k 1910  |0    |d 76  |j 1911  |n 88  |k 1923 
987 |2 2007  |1 01  |x DE-352  |d 16  |j 1850  |n 87  |k 1922 
987 |2 2008  |1 01  |x DE-24  |j 1850  |n 88  |k 1923 
987 |2 2010  |1 01  |x DE-15  |j 1850  |n 87  |k 1922 
987 |2 2010  |1 03  |x DE-15  |j 1819/1910 
987 |2 2011  |1 01  |x DE-16  |d 16  |j 1850  |n 87  |k 1922 
987 |2 2020  |1 01  |x DE-Ch1  |j 1855  |0    |j 1857  |k 1876  |0    |j 1878  |k 1904  |0    |j 1908  |k 1909  |0    |d 79  |j 1911  |n 88  |k 1923 
987 |2 2030  |1 01  |x DE-77  |j 1867  |k 1910  |0    |d 76  |j 1911  |n 87  |k 1922 
987 |2 2032  |1 01  |x DE-122  |j 1850  |k 1922 
987 |2 2046  |1 01  |x DE-N1  |j 1850  |n 88  |k 1923 
987 |2 2073  |1 01  |x DE-59  |d 40  |j 1874  |n 88  |k 1923 
987 |2 2158  |1 01  |x DE-D115  |j 1853  |0    |j 1870  |0    |j 1882  |n 87  |k 1922 
987 |2 2228  |1 01  |x DE-475  |j 1895 
987 |2 2299  |1 01  |x DE-Gl2  |d 16  |j 1850  |n 75  |k 1910  |0    |d 76  |j 1911  |n 86  |k 1921 
987 |2 2407  |1 01  |x DE-165  |d 16  |j 1850  |n 87  |k 1922 
987 |2 2527  |1 02  |x DE-125  |j 1887  |k 1910  |0    |d 76  |j 1911  |n 87  |k 1922 
987 |2 4012  |1 01  |x 40004  |j 1850  |k 1923 
987 |2 4012  |1 02  |x 40004  |j 1850  |k 1923 
987 |2 4012  |1 03  |x 40004  |j 1850  |k 1923 
987 |2 4027  |1 01  |x 40032  |d 16  |j 1850  |0    |d 18  |j 1852  |n 21  |k 1855  |0    |d 23  |j 1857  |n 31  |k 1865  |0    |d 36  |j 1870  |n 46  |k 1881  |0    |d 49  |j 1884  |n 50  |k 1885  |0    |d 55  |j 1890  |n 88  |k 1923 
987 |2 4027  |1 02  |x 40032  |d 59  |j 1894  |n 60  |k 1895  |0    |d 62  |j 1897  |n 67  |k 1902  |0    |d 75  |j 1910  |n 76  |k 1911  |0    |d 83  |j 1918 
987 |2 4028  |1 01  |x 40001  |d 16  |j 1850  |n 75  |k 1910  |0    |d 76  |j 1911 
987 |2 4029  |1 01  |x 40028  |d 16  |j 1850  |n 88  |k 1923 
987 |2 4035  |1 01  |x 40000  |j 1850  |k 1854  |0    |j 1856  |k 1873  |0    |j 1875  |k 1885  |0    |j 1890  |k 1910  |0    |d 76  |j 1911  |n 87  |k 1922 
987 |2 4037  |1 01  |x DE-26  |j 1862  |0    |j 1874  |0    |j 1882  |k 1885  |0    |j 1888  |k 1903  |0    |j 1904  |0    |j 1905  |k 1910  |0    |d 76  |j 1911  |n 87  |k 1922 
987 |2 4038  |1 01  |x 40035  |j 1867  |k 1910  |0    |d 76  |j 1911  |n 87  |k 1922 
987 |2 4103  |1 01  |x DE-188  |j 1862  |0    |j 1866  |0    |j 1869  |k 1870  |0    |j 1873  |0    |j 1880  |k 1881  |0    |j 1886  |k 1887  |0    |j 1891  |k 1892  |0    |j 1894  |k 1897  |0    |j 1899  |k 1910 
987 |2 4103  |1 02  |x DE-188  |d 76  |j 1911  |n 88  |k 1923 
987 |2 4112  |1 01  |x 40009  |d 16  |j 1850  |n 88  |k 1923 
987 |2 4155  |1 01  |x 40002  |j 1852  |k 1858  |0    |j 1860  |k 1861  |0    |j 1866  |k 1873  |0    |j 1874/75  |0    |j 1876  |k 1877  |0    |j 1880  |0    |j 1886  |k 1899 
987 |2 4155  |1 02  |x 40002  |d 65  |j 1900  |n 88  |k 1923 
987 |2 4193  |1 01  |x 40003  |d 16  |j 1850  |n 22  |k 1856  |0    |d 28  |j 1862  |n 75  |k 1910  |0    |d 76  |j 1911  |n 88  |k 1923 
987 |2 4193  |1 02  |x 40003  |d 23  |j 1857  |n 27  |k 1861 
987 |2 4246  |1 01  |x 40033  |d 67  |j 1902  |n 75  |k 1910  |0    |d 76  |j 1911  |n 87  |k 1922 
987 |2 4251  |1 01  |x DE-43  |d 16  |j 1850  |n 87  |k 1922 
987 |2 4253  |1 01  |x 40027  |d 16  |j 1850  |n 75  |k 1910  |0    |d 76  |j 1911  |n 85  |k 1920  |0    |d 88  |j 1923 
987 |2 4261  |1 01  |x DE-Mb50  |j 1908  |0    |d 77  |j 1912  |0    |d 80  |j 1975 
987 |2 4277  |1 01  |x DE-109  |j 1880  |k 1889  |0    |j 1896  |0    |d 79  |j 1914  |n 80  |k 1915 
987 |2 4302  |1 01  |x 40044  |d 16  |j 1850  |n 75  |k 1910  |0    |d 76  |j 1911  |n 88  |k 1923 
987 |2 4305  |1 01  |x 40006  |j 1857  |k 1876  |0    |j 1913 
987 |2 4306  |1 01  |x 40007  |d 1850  |j 1854  |k 1910  |0    |d 76  |j 1911  |n 87  |k 1922 
987 |2 4309  |1 01  |x 40053  |d 76  |j 1911  |n 88  |k 1923 
987 |2 4316  |1 01  |x 40065  |d 16  |j 1850  |n 88  |k 1923 
987 |2 4321  |1 01  |x 40031  |d 16  |j 1850  |n 75  |k 1910  |0    |d 76  |j 1911  |n 88  |k 1923 
987 |2 4323  |1 01  |x 40069  |j 1850  |k 1852  |0    |j 1854  |k 1855  |0    |j 1856  |0    |j 1857  |k 1864  |0    |j 1866  |k 1874/75  |0    |j 1884  |k 1893  |0    |j 1895  |0    |j 1902  |0    |j 1909  |k 1911  |0    |j 1912 
987 |2 4325  |1 01  |x 40074  |d 73  |j 1908  |n 3  |k 1908  |0    |d 74  |j 1909  |n 88  |k 1923 
987 |2 4385  |1 01  |x DE-F42  |j 1886  |0    |j 1887  |k 1892  |0    |j 1894  |0    |j 1897  |k 1902  |0    |j 1903  |0    |j 1904  |0    |j 1905  |0    |j 1908  |0    |j 1909  |k 1914  |0    |j 1915 
995 |2 22  |1 01  |x 0018  |a SUBr02015 
995 |2 22  |1 01  |x 0018  |a SUBarchiv 
995 |2 22  |1 02  |x 0018  |a SUBr02015 
995 |2 22  |1 02  |x 0018  |a SUBarchiv 
995 |2 24  |1 01  |x 0008  |a hb 
995 |2 72  |1 03  |x 0035  |a GBV 
995 |2 121  |1 01  |x 0045  |a alma 
995 |2 289  |1 01  |x 3289  |a j19 
995 |2 662  |1 01  |x 4662/0003  |a BIBDUER 
995 |2 662  |1 02  |x 4662/0003  |a BIBDUER 
995 |2 662  |1 03  |x 4662/0003  |a BIBDUER 
995 |2 812  |1 03  |x 4812/0001  |a ACQ 
995 |2 1005  |1 01  |x 5005  |a ST032131 
998 |2 179  |1 02  |x 8306  |0 0316 
998 |2 665  |1 05  |x 3665/03  |0 2021-03-05/1FL-Z-vdHeusel (1914, 1920) 
998 |2 665  |1 05  |x 3665/03  |0 2016-09-13  |a DA-A-Gf (1890) 
998 |2 665  |1 05  |x 3665/03  |0 2015-12-14  |a DA-Z-Ar (1898/99) 
998 |2 665  |1 05  |x 3665/03  |0 2014-08-20  |a DA-Z-vdH (1917)  |b =10 
998 |2 665  |1 05  |x 3665/03  |0 2014-09-08  |a DA-Z-Arn (1914) 
998 |2 665  |1 05  |x 3665/03  |0 2014-09-08  |a DA-Z-Arn (1853  |e 4) 
998 |2 665  |1 05  |x 3665/03  |0 2014-09-08  |a DA-Z-Arn (1859/60) 
998 |2 665  |1 05  |x 3665/03  |0 2015-03-15  |a BS-Z-Schmidt-Stein(1823) 
998 |2 665  |1 05  |x 3665/03  |0 2015-07-03  |a DA-Z-Arn (1876/77)